000 00843nam a2200229Ia 4500
003 GCL
005 20240530095318.0
008 140319s9999 xx 000 0 ara d
020 _a2186327977
040 _aGCL /
_cGCL
082 0 4 _a932.022
_bق/أ م
100 1 _aاحمد عبدالباسط حسن
245 1 0 _aالملكية المشتركة والعائلة الممتدة /
_cاحمد عبدالباسط حسن
260 _aالقاهرة :
_bدار الوفاء لدنيا الطباعة والنشر ،
_c2001
300 _a220 ص ؛
_c24 سم
650 0 4 _aالمواريث
650 0 4 _aالتركات
650 0 4 _aمصر القديمة - تاريخ - العصر الرومانى البيزنطى
650 0 4 _aمصر - الملوك والحكام
650 0 4 _aمصر القديمة - تاريخ
942 _2ddc
_cBK
999 _c6054
_d6054